=LDR 00000nam 2200000 4500 =001 INLIS000000000040733 =005 20130612150307 =008 ***********************************ind** =035 ##$$a0010-061300000040733 =041 ##$$a ind =082 ##$$a 790.138 =090 ##$$a 790.138 , Ast ,k =100 ##$$a ASTUTI, Arini Yuli =245 ##$$a Kumpulan Games cerdas dan Kreatif , Arini Yuli Astuti =260 ##$$a 2010 $b Yogyakarta =300 ##$$a 119 hlm. , Illus , 22cm =700 ##$$a PERMAINAN ANAK =850 ##$$a NBPNMAT =990 ##$$a 93241/BPAP-NTB/2014